000 00601nam a2200229Ia 4500
003 IIN
005 20250328124912.0
008 231217s9999 xx ad 001 0 eng d
020 _cRs.750.00
_a9789386261557
040 _aIIN
_bEnglish
082 _a612
_bIND
100 1 _aIndira C.K
245 1 _aSears's Anatomy & Physiology for Nurses
_cIndira C.K and Mini Vasudevan
250 _a7th ed
260 _bJaypee
_aNew Delhi
_c2018
300 _axix, 447 p.
_bill.
500 _aIncludes Index
650 1 _aAnatomy
650 1 _aPhysiology
700 1 _aVasudevan, Mini
942 _cBOOK
999 _c794
_d794